Governance: the concept and its dimensions (Record no. 116520)

000 -LEADER
fixed length control field 01829pab a2200241 454500
008 - FIXED-LENGTH DATA ELEMENTS--GENERAL INFORMATION
fixed length control field 180718b2018 xxu||||| |||| 00| 0 eng d
100 ## - MAIN ENTRY--PERSONAL NAME
Personal name Sharma, Arvind K.
245 ## - TITLE STATEMENT
Title Governance: the concept and its dimensions
260 ## - PUBLICATION, DISTRIBUTION, ETC.
Date of publication, distribution, etc. 2018
300 ## - PHYSICAL DESCRIPTION
Extent p.1-14.
362 ## - DATES OF PUBLICATION AND/OR SEQUENTIAL DESIGNATION
Dates of publication and/or sequential designation Mar
520 ## - SUMMARY, ETC.
Summary, etc. Governance, as the term came to be used since the 1980s and the 1990s under the influence of the neo-liberals, is about a minimalist state. It seeks a state rollback on the ground that state is inherently inefficient when compared with the markets. Apart from this, since then other versions have developed, which led one commentator to say that so numerous are the definitions of governance that it has become analytically an intractable construct. This article presents its subject matter in three sections. The first section focuses on the semantics; it underlines the need to distinguish between the conventional and the neo-liberal usages of the term governance. The second section, which forms the bulk of the present article, discusses the five strands that collectively form the complex whole we call governance. The third and the concluding section contrasts the positivism of the neoclassical economics and new institutional economics, from which the neo-liberal governance paradigm is shaped, with the normative orientation of the classical school of administrative thoughts that dominated the discipline of public administration during the first fifty years (the 1887ヨ1937 period). - Reproduce
650 ## - SUBJECT ADDED ENTRY--TOPICAL TERM
Topical term or geographic name entry element Good Governance
650 ## - SUBJECT ADDED ENTRY--TOPICAL TERM
Topical term or geographic name entry element Non-state players
650 ## - SUBJECT ADDED ENTRY--TOPICAL TERM
Topical term or geographic name entry element Networks
650 ## - SUBJECT ADDED ENTRY--TOPICAL TERM
Topical term or geographic name entry element Executive agencies
650 ## - SUBJECT ADDED ENTRY--TOPICAL TERM
Topical term or geographic name entry element New public management
650 ## - SUBJECT ADDED ENTRY--TOPICAL TERM
Topical term or geographic name entry element Neoliberalism
650 ## - SUBJECT ADDED ENTRY--TOPICAL TERM
Topical term or geographic name entry element Governance
650 ## - SUBJECT ADDED ENTRY--TOPICAL TERM
Topical term or geographic name entry element Public administration
773 ## - HOST ITEM ENTRY
Main entry heading Indian Journal of Public Administration
909 ## -
-- 116526
Holdings
Withdrawn status Lost status Damaged status Not for loan Permanent Location Current Location Date acquired Serial Enumeration / chronology Barcode Date last seen Price effective from Koha item type
        Indian Institute of Public Administration Indian Institute of Public Administration 2018-07-19 Volume no: 64, Issue no: 1 AR116986 2018-07-19 2018-07-19 Articles

Powered by Koha